000 00672nam a22002177a 4500
003 UA-OsUOA
001 61613
007 ta
008 20090708b un ||||| |||| 00| 0 ukr d
100 _aПахоменков Ю.Г.
090 _a94(477)
_bП21
942 _cSA
040 _aUA-OsUOA
_bukr
_cUA-OsUOA
_dUA-OsUOA
245 _aРадянська історіографія про суспільно-політичні процеси в Україні в 1017- на початку 1918 рр.
300 _aС. 70-75
955 _a0
041 _aukr
080 _a94(477)
773 0 _w61611
650 7 _a9 Географія. Біографії. Історія
_2UDC
999 _c347256
_d347256